| Tag |
First Indicator |
Second Indicator |
Subfields |
| LEADER |
00000cam a2200000 a 4500 |
| 001 |
in00000017866 |
| 005 |
20151007053101.0 |
| 008 |
880610s1983 no a 00000 eng d |
| 035 |
|
|
|a (OCoLC)18066654
|
| 035 |
|
|
|9 AAB0344AM
|
| 040 |
|
|
|a TXA
|c TXA
|d UtOrBLW
|
| 049 |
|
|
|a TXAM
|c [A09166656]
|
| 050 |
|
4 |
|a TN285
|b .T86 1983
|
| 245 |
0 |
0 |
|a Tunnelling :
|b prognosis /
|c The University of Trondheim, The Norwegian Institute of Technology, Division of Construction Engineering.
|
| 264 |
|
1 |
|a [Trondheim, Norway] :
|b The Institute,
|c [1983?]
|
| 300 |
|
|
|a 66 leaves :
|b illustrations ;
|c 29 cm.
|
| 336 |
|
|
|a text
|b txt
|2 rdacontent
|
| 337 |
|
|
|a unmediated
|b n
|2 rdamedia
|
| 338 |
|
|
|a volume
|b nc
|2 rdacarrier
|
| 490 |
1 |
|
|a Project report ;
|v 5-83
|
| 500 |
|
|
|a Cover title.
|
| 650 |
|
0 |
|a Tunneling.
|
| 650 |
|
0 |
|a Tunneling
|x Equipment and supplies.
|
| 710 |
2 |
|
|a Norges tekniske høgskole.
|b Division of Construction Engineering.
|
| 830 |
|
0 |
|a Project report (Norges tekniske hogskole. Division of Construction Engineering) ;
|v 83-5.
|
| 999 |
|
|
|a MARS
|
| 999 |
f |
f |
|s 9ff63b70-73b7-3788-a732-c46ba3f25c81
|i ebceb2cc-cfad-3c67-b788-2265d329a239
|t 0
|
| 952 |
f |
f |
|p ric
|a Texas A&M University
|b Rellis Campus
|c Joint Library Facility
|d Remote Storage
|t 0
|e TN285 .T86 1983
|h Library of Congress classification
|i unmediated -- volume
|m A14809166656
|
| 998 |
f |
f |
|a TN285 .T86 1983
|t 0
|l Remote Storage
|